000 01063nam a2200205Ii 4500
003 JO-AjNU
008 230605s9999||||xx |||||||||||||| ||und||
040 _aJO-AjNU
_bara
_erda
_cJO-AjNU
041 _aara
050 1 4 _aLB1026.T7412 2006
100 3 _a.م،مشارك/ الحوراني،منير مترجم/جمل،محمد جهاد مراجع ومعدل Caro A،Nassab/ مؤلف Donald j،Trewfinger,
_eauthor
_922484
245 0 0 _aأسس التفكير وأدواته: مفاهيم وتدريبات في تعلم التفكير بنوعية الإبداعي والناقد=ThinkingTools Lessons: Acollection Of Lessons For Teaching Creative and Critical Thinking
250 _aط2 مزيدة ومنقحة
264 3 1 _aالعين:دار الكتاب الجامعي،2006
300 _a207ص
336 _atext
_btxt
_2rdacontent
337 _aunmediated
_bn
_2rdamedia
338 _avolume
_bnc
_2rdacarrier
650 4 _a فكر وتفكير-علم نفس تربوي-تفكير سليم-التفكير الإبداعي-التفكير الناقد
_922485
999 _aA7988
_c11556
_d11556